| 000 | 01765nam0a2200385 4500 | ||
|---|---|---|---|
| 001 | RU\NLR\BIBL_A\022344509 | ||
| 005 | 20260406141146.0 | ||
| 010 | _a978-5-9710-6028-4 | ||
| 035 | _a(NLR Aleph) 022344509 | ||
| 090 |
_a13506222 _c13506222 |
||
| 100 | _a20241007d2024 u y0rusy50 ca | ||
| 101 | 0 | _arus | |
| 102 | _aRU | ||
| 105 | _aa j 011yy | ||
| 181 | 0 |
_ai3 _baxxe |
|
| 182 | 0 | _an | |
| 200 | 1 |
_aОсновные понятия алгебры _fИ. Р. Шафаревич _gнаучный редактор академик РАН Р. В. Гамкрелидзе |
|
| 203 |
_aТекст _bвизуальный _cнепосредственный |
||
| 205 | _aИзд. 3-е, испр. | ||
| 210 |
_aМосква _cURSS, ЛЕНАНД _d2024 |
||
| 215 |
_a403 с. _cил. _d22 |
||
| 225 | 1 |
_aФундамент будущего: классический учебник МГУ _eюбилейная серия в честь 270-летия МГУ имени М. В. Ломоносова, 1755-2025 |
|
| 300 | _aНа 4-й с. обл. авт.: И. Р. Шафаревич, математик, д-р физ.-мат. наук, проф., акад. АН СССР и РАН | ||
| 300 | _aПосвящ. 270-летию Моск. гос. ун-та им. М. В. Ломоносова | ||
| 313 | _a3-е изд. 2019 г. | ||
| 320 | _aБиблиогр.: с. 385-391 | ||
| 320 | _aИмен. указ.: с. 392-394 | ||
| 320 | _aПредм. указ.: с. 395-403 | ||
| 606 | 1 |
_aАлгебра _9922117 _3RU\NLR\AUTH\6619328 |
|
| 686 | 1 | _aВ15 | |
| 700 | 1 |
_8rus _7ca _aШафаревич _bИ. Р. _f1923-2017 _gИгорь Ростиславович _3RU\NLR\AUTH\773318 _9113319 |
|
| 942 | _cBOOK | ||
| 980 | _aNB | ||